[Event "Ozieri op 13th"]
[Site "Ozieri"]
[Date "2014.07.31"]
[Round "1"]
[White "Dessy, Eugenio"]
[Black "Freschi, Vincenzo Giuseppe"]
[Result "1-0"]
[WhiteElo "1614"]
[BlackElo "1422"]
[PlyCount "103"]
[EventDate "2014.07.31"]
[EventType "swiss"]
[EventRounds "7"]
[EventCountry "ITA"]
[SourceTitle "EXT 2016"]
[Source "ChessBase"]
[SourceDate "2015.10.08"]
[SourceVersion "1"]
[SourceVersionDate "2015.10.08"]
[SourceQuality "1"]

1. e4 e5 2. Nf3 Nc6 3. Bb5 a6 4. Ba4 Nf6 5. 0-0 Be7 6. Re1 b5 7. Bb3 d6 8. c3 0-0 9. h3 Na5 10. Bc2 c5 11. d4 Qc7 12. Nbd2 Rd8 13. Nf1 Bb7 14. d5 Rab8 15. Qe2 Nh5 16. Nxe5 Nf4 17. Bxf4 dxe5 18. Be3 Bc8 19. Ng3 Nc4 20. Bb3 Nd6 21. f4 Nc4 22. fxe5 Nxe3 23. Qxe3 Qxe5 24. Rf1 Bh4 25. Ne2 c4 26. Bc2 Re8 27. Qf4 Qxf4 28. Rxf4 Bf6 29. Raf1 b4 30. Ba4 Re7 31. d6 Re6 32. d7 Bb7 33. Rd1 Bxe4 34. Rxf6 gxf6 35. d8Q+ Rxd8 36. Rxd8+ Kg7 37. Nf4 Rb6 38. Nd5 bxc3 39. bxc3 Rb2 40. Ne3 Rxa2 41. Bd1 a5 42. Bf3 Ra1+ 43. Kf2 Ra2+ 44. Kg3 Bxf3 45. Kxf3 Ra3 46. Nd5 a4 47. Rc8 Ra1 48. Rxc4 a3 49. Rg4+ Kf8 50. Ra4 a2 51. Kg3 Kg7 52. Nb4 1-0